000 00681nam a2200229Ia 4500
003 OSt
005 20220925215343.0
006 a|||||r|||| 00| 0
007 ta
008 220923b |||||||| |||| 00| 0 eng d
037 _cGeneral Book
040 _aRTL
_cRTL
_beng
041 _2eng
_aeng
082 _aV3:17.N60<--N40, K4
100 _aJeffries Charles Ed.
_9282634
245 0 _aReview of colonial research (1940-1960)
260 _aLondon
_bHer Majesty's Stationary Office
_c1964
300 _a238p
_ccm.
650 _aGreat Britain History
_91540
942 _hV3:17.N60<--N40, K4
_cGB
_2CC
999 _c568576
_d568576